[Event "Manhem Chessweek IM"]
[Site "Gothenburg"]
[Date "1994.??.??"]
[Round "5"]
[White "Lejlic, Samir"]
[Black "Boe Olsen, Mads"]
[Result "1-0"]
[WhiteElo "2420"]
[BlackElo "2300"]
[PlyCount "105"]
[EventDate "1994.08.06"]
[EventType "tourn"]
[EventRounds "9"]
[EventCountry "SWE"]
[EventCategory "5"]
[SourceTitle "EXT 2001"]
[Source "ChessBase"]
[SourceDate "2000.11.22"]
[SourceVersion "1"]
[SourceVersionDate "2000.11.22"]
[SourceQuality "1"]

1. e4 e5 2. Nc3 Nf6 3. Nf3 d6 4. d4 Nbd7 5. Bc4 Be7 6. O-O O-O 7. Re1 c6 8. a4
Qc7 9. a5 Rb8 10. Nh4 Re8 11. Nf5 Bf8 12. Bg5 b5 13. axb6 Nxb6 14. dxe5 dxe5
15. Bb3 Bxf5 16. exf5 Nbd7 17. Qe2 Rb4 18. Qa6 Bc5 19. Qa2 Re7 20. Qa5 Qxa5 21.
Rxa5 Bd4 22. Ra6 Bb6 23. Ra4 Rd4 24. Ne4 Rxa4 25. Bxa4 Nxe4 26. Bxe7 Bxf2+ 27.
Kf1 Bxe1 28. Kxe1 Nb6 29. Bxc6 Nf6 30. b3 Ng4 31. h3 Ne3 32. Be4 Ned5 33. Bc5
Nc3 34. Bc6 f6 35. Kd2 Ncd5 36. Bxd5+ Nxd5 37. Bxa7 h5 38. Bf2 Kf7 39. g3 Nc7
40. g4 hxg4 41. hxg4 g6 42. fxg6+ Kxg6 43. Be3 f5 44. gxf5+ Kxf5 45. Kd3 Nd5
46. Bd2 e4+ 47. Kd4 Nc7 48. c4 Ne6+ 49. Ke3 Nc5 50. b4 Nd3 51. Kd4 Nf4 52. b5
Ne6+ 53. Kd5 1-0

[Event "Manhem Chessweek IM"]
[Site "Gothenburg"]
[Date "1994.??.??"]
[Round "5"]
[White "Berg, Klaus"]
[Black "Moberg, Karl Johan"]
[Result "0-1"]
[WhiteElo "2440"]
[BlackElo "2335"]
[PlyCount "74"]
[EventDate "1994.08.06"]
[EventType "tourn"]
[EventRounds "9"]
[EventCountry "SWE"]
[EventCategory "5"]
[SourceTitle "EXT 2001"]
[Source "ChessBase"]
[SourceDate "2000.11.22"]
[SourceVersion "1"]
[SourceVersionDate "2000.11.22"]
[SourceQuality "1"]

1. Nf3 Nf6 2. d4 g6 3. Bg5 Bg7 4. Nbd2 d5 5. e3 b6 6. Bb5+ c6 7. Bd3 Nbd7 8.
O-O O-O 9. c3 Bb7 10. Ne5 Nxe5 11. dxe5 Nd7 12. f4 f6 13. exf6 exf6 14. Bh4 Nc5
15. Bc2 Ba6 16. Rf3 Re8 17. Qb1 Qe7 18. a4 Be2 19. Rg3 Ne4 20. Nxe4 dxe4 21.
Qa2+ Kh8 22. Re1 Ba6 23. a5 b5 24. Bd1 Rad8 25. h3 Rd2 26. Qb3 Red8 27. Be2 Bc8
28. Qa2 Be6 29. Qb1 Bb3 30. Kf1 Qe6 31. Rg4 Kg8 32. Qa1 Kf7 33. a6 R8d7 34. Qa5
f5 35. Rg3 Rxb2 36. Kg1 Ra2 37. Qb4 Bf8 0-1

[Event "Manhem Chessweek IM"]
[Site "Gothenburg"]
[Date "1994.??.??"]
[Round "5"]
[White "Ziegler, Ari"]
[Black "Elsness, Frode"]
[Result "1/2-1/2"]
[WhiteElo "2315"]
[BlackElo "2280"]
[PlyCount "112"]
[EventDate "1994.08.06"]
[EventType "tourn"]
[EventRounds "9"]
[EventCountry "SWE"]
[EventCategory "5"]
[SourceTitle "EXT 2001"]
[Source "ChessBase"]
[SourceDate "2000.11.22"]
[SourceVersion "1"]
[SourceVersionDate "2000.11.22"]
[SourceQuality "1"]

1. d4 f5 2. g3 Nf6 3. Bg2 g6 4. Nf3 Bg7 5. O-O O-O 6. c4 d6 7. Nc3 Nc6 8. d5
Ne5 9. Qc2 Nxc4 10. Nb5 a6 11. Qxc4 axb5 12. Qxb5 Bd7 13. Qb3 Qc8 14. Nd4 Ne4
15. Be3 Nc5 16. Qc2 e5 17. dxe6 Nxe6 18. Rfd1 Kh8 19. Nxe6 Bxe6 20. Bd4 Bxd4
21. Rxd4 Rd8 22. Rb4 c6 23. a3 Qd7 24. Rd1 Qe7 25. Rd3 Rd7 26. Qd2 Rad8 27. Rb6
Kg8 28. a4 d5 29. b3 Bf7 30. h4 c5 31. Re3 Qf8 32. Re5 Re8 33. Rxd5 Bxd5 34.
Bxd5+ Kg7 35. Rxb7 Rxb7 36. Bxb7 Qe7 37. Ba6 Rd8 38. Qc3+ Kh6 39. Qe3+ Qxe3 40.
fxe3 Rd2 41. Kf2 Kg7 42. Bc4 Ra2 43. e4 Kf6 44. exf5 Kxf5 45. Kf3 Ke5 46. Bg8
h6 47. Bf7 Kf6 48. Bc4 Ke5 49. Ke3 Ra1 50. Bd3 Ra3 51. Bc4 Ra1 52. Kf3 Ra2 53.
e4 Ra1 54. Bd5 Rf1+ 55. Ke2 Rg1 56. Kf2 Ra1 1/2-1/2

[Event "Manhem Chessweek IM"]
[Site "Gothenburg"]
[Date "1994.??.??"]
[Round "6"]
[White "Berg, Klaus"]
[Black "Lejlic, Samir"]
[Result "0-1"]
[WhiteElo "2440"]
[BlackElo "2420"]
[PlyCount "74"]
[EventDate "1994.08.06"]
[EventType "tourn"]
[EventRounds "9"]
[EventCountry "SWE"]
[EventCategory "5"]
[SourceTitle "EXT 2001"]
[Source "ChessBase"]
[SourceDate "2000.11.22"]
[SourceVersion "1"]
[SourceVersionDate "2000.11.22"]
[SourceQuality "1"]

1. d4 d5 2. c4 Bf5 3. cxd5 Bxb1 4. Rxb1 Qxd5 5. e3 Nc6 6. Nf3 O-O-O 7. b4 e5 8.
b5 Bb4+ 9. Rxb4 Nxb4 10. Nxe5 f6 11. Qg4+ Kb8 12. Bc4 Nh6 13. Qxg7 Nc2+ 14. Kd1
Qxe5 15. Qxh8 Qe7 16. Qxd8+ Qxd8 17. Kxc2 Qd6 18. Kb3 f5 19. f3 a6 20. a4 Qg6
21. e4 Qxg2 22. Rf1 axb5 23. axb5 Ng8 24. exf5 Nf6 25. h4 Qh3 26. Bf4 Qxf5 27.
Be5 Nd7 28. f4 Qh3+ 29. Kb2 Qxh4 30. Be6 Qe7 31. f5 Qb4+ 32. Kc2 Nxe5 33. dxe5
Qe4+ 34. Kd2 Qd4+ 35. Kc2 Qxe5 36. Kd2 Qxb5 37. f6 Qxf1 0-1

[Event "Manhem Chessweek IM"]
[Site "Gothenburg"]
[Date "1994.??.??"]
[Round "6"]
[White "Moberg, Karl Johan"]
[Black "Elsness, Frode"]
[Result "1-0"]
[WhiteElo "2335"]
[BlackElo "2280"]
[PlyCount "122"]
[EventDate "1994.08.06"]
[EventType "tourn"]
[EventRounds "9"]
[EventCountry "SWE"]
[EventCategory "5"]
[SourceTitle "EXT 2001"]
[Source "ChessBase"]
[SourceDate "2000.11.22"]
[SourceVersion "1"]
[SourceVersionDate "2000.11.22"]
[SourceQuality "1"]

1. e4 g6 2. d4 Bg7 3. Nc3 d6 4. Be3 a6 5. Qd2 b5 6. a4 b4 7. Nd1 a5 8. c3 bxc3
9. bxc3 Nf6 10. f3 O-O 11. Bd3 e5 12. Ne2 Nbd7 13. d5 Ne8 14. Ng3 h5 15. O-O h4
16. Ne2 f5 17. h3 Nc5 18. Bxc5 dxc5 19. Qe3 Qe7 20. Bb5 Kh7 21. Bxe8 Rxe8 22.
c4 Rb8 23. Ndc3 Rb4 24. Qd3 Rd8 25. Na2 Rxa4 26. Nac3 Rb4 27. Rxa5 Bd7 28. Rd1
Qd6 29. Rda1 Rdb8 30. Ra6 R4b6 31. Ra7 Bh6 32. exf5 gxf5 33. Nb5 Rxb5 34. cxb5
Rxb5 35. R1a6 Rb6 36. Nc3 Bf4 37. Rxb6 Qxb6 38. Qa6 Qb2 39. Qa1 Qb6 40. Qa6 Qb2
41. Qa1 Be3+ 42. Kh1 Qxa1+ 43. Rxa1 c4 44. Ra8 f4 45. Rb8 Bd4 46. Ne4 Kg6 47.
Rb4 Kf7 48. Rxc4 Bb6 49. Rb4 Ba5 50. Rb8 Ke7 51. Rh8 Bb5 52. Rh5 Kd7 53. Rxe5
Bb6 54. Rh5 Bc4 55. Rxh4 Be3 56. Rh5 Ke7 57. Rf5 Ba6 58. h4 Bc8 59. Re5+ Kf7
60. Kh2 Bd4 61. Rg5 Bg7 1-0

[Event "Manhem Chessweek IM"]
[Site "Gothenburg"]
[Date "1994.??.??"]
[Round "6"]
[White "Pedzich, Dominik"]
[Black "Ziegler, Ari"]
[Result "1-0"]
[WhiteElo "2400"]
[BlackElo "2315"]
[PlyCount "125"]
[EventDate "1994.08.06"]
[EventType "tourn"]
[EventRounds "9"]
[EventCountry "SWE"]
[EventCategory "5"]
[SourceTitle "EXT 2001"]
[Source "ChessBase"]
[SourceDate "2000.11.22"]
[SourceVersion "1"]
[SourceVersionDate "2000.11.22"]
[SourceQuality "1"]

1. e4 c5 2. Nf3 d6 3. Bb5+ Nd7 4. d4 Ngf6 5. O-O a6 6. Bxd7+ Nxd7 7. Nc3 e6 8.
Bg5 Qc7 9. Re1 cxd4 10. Nxd4 Ne5 11. f4 h6 12. Bh4 g5 13. fxe5 gxh4 14. exd6
Bxd6 15. e5 Bxe5 16. Nd5 Qd6 17. Nf3 exd5 18. Rxe5+ Be6 19. Qd4 O-O-O 20. Qxh4
Rhg8 21. Rae1 Rg6 22. Qf2 Rdg8 23. Nh4 Rg5 24. Rxg5 Rxg5 25. Nf3 Rg4 26. c3 Re4
27. Nd4 Qe5 28. Rf1 Qd6 29. Qf6 Qb6 30. Qf2 h5 31. h3 Kb8 32. a3 Qd6 33. a4 Qd8
34. Qd2 Qg8 35. Rf3 Qg7 36. Qf2 Qe5 37. Qg3 Qxg3 38. Rxg3 Re1+ 39. Kf2 Rb1 40.
b3 Kc7 41. a5 Kd6 42. Re3 Ke7 43. Re1 Rb2+ 44. Re2 Rb1 45. Ke3 Kf6 46. b4 Bd7
47. Rf2+ Kg6 48. Nf3 Kg7 49. Ne5 Be8 50. Nd3 Bb5 51. Nf4 Re1+ 52. Kd2 Re5 53.
h4 Kg8 54. Rf3 Re4 55. g3 d4 56. cxd4 Rxd4+ 57. Kc3 Rd6 58. Nxh5 Rc6+ 59. Kd2
Rd6+ 60. Ke3 Rd3+ 61. Ke4 Rd1 62. Ke5 Bc6 63. Nf6+ 1-0

[Event "Manhem Chessweek IM"]
[Site "Gothenburg"]
[Date "1994.??.??"]
[Round "6"]
[White "Boe Olsen, Mads"]
[Black "Schneider, Lars Ake"]
[Result "1/2-1/2"]
[WhiteElo "2300"]
[BlackElo "2440"]
[PlyCount "37"]
[EventDate "1994.08.06"]
[EventType "tourn"]
[EventRounds "9"]
[EventCountry "SWE"]
[EventCategory "5"]
[SourceTitle "EXT 2001"]
[Source "ChessBase"]
[SourceDate "2000.11.22"]
[SourceVersion "1"]
[SourceVersionDate "2000.11.22"]
[SourceQuality "1"]

1. e4 c5 2. c3 d5 3. exd5 Qxd5 4. d4 e6 5. Nf3 Nf6 6. Bd3 Be7 7. Be3 cxd4 8.
cxd4 O-O 9. Nc3 Qd8 10. O-O b6 11. Rc1 Bb7 12. a3 Nc6 13. b4 Rc8 14. Qe2 Nd5
15. Nxd5 Qxd5 16. Bc4 Qe4 17. Bd3 Qd5 18. Bc4 Qe4 19. Bd3 1/2-1/2

[Event "Manhem Chessweek IM"]
[Site "Gothenburg"]
[Date "1994.??.??"]
[Round "6"]
[White "Winsnes, Rikard"]
[Black "Svensson, Bengt"]
[Result "0-1"]
[WhiteElo "2405"]
[BlackElo "2380"]
[PlyCount "80"]
[EventDate "1994.08.06"]
[EventType "tourn"]
[EventRounds "9"]
[EventCountry "SWE"]
[EventCategory "5"]
[SourceTitle "EXT 2001"]
[Source "ChessBase"]
[SourceDate "2000.11.22"]
[SourceVersion "1"]
[SourceVersionDate "2000.11.22"]
[SourceQuality "1"]

1. e4 c5 2. Nf3 d6 3. d4 cxd4 4. Nxd4 Nf6 5. Nc3 a6 6. Be3 e6 7. g4 h6 8. f3 b5
9. Qd2 Bb7 10. O-O-O Nbd7 11. h4 b4 12. Nce2 d5 13. Ng3 Bd6 14. Rg1 Qc7 15. Nh5
g6 16. Nxf6+ Nxf6 17. g5 hxg5 18. hxg5 Nd7 19. f4 Nc5 20. e5 Be7 21. Bd3 O-O-O
22. Rh1 Ne4 23. Bxe4 dxe4 24. Qe2 Kb8 25. Rh6 Bc5 26. Qc4 Ka8 27. Rd2 Qb6 28.
Kd1 Rhf8 29. Rh3 Rc8 30. Qe2 Qa5 31. Nb3 Qxa2 32. Bxc5 Rxc5 33. Qe3 Qb1+ 34.
Nc1 Rfc8 35. Qb3 Rd5 36. Rxd5 Bxd5 37. Qa4 Bb7 38. Rh2 Rd8+ 39. Rd2 Rxd2+ 40.
Kxd2 e3+ 0-1

[Event "Manhem Chessweek IM"]
[Site "Gothenburg"]
[Date "1994.??.??"]
[Round "7"]
[White "Svensson, Bengt"]
[Black "Boe Olsen, Mads"]
[Result "1/2-1/2"]
[WhiteElo "2380"]
[BlackElo "2300"]
[PlyCount "76"]
[EventDate "1994.08.06"]
[EventType "tourn"]
[EventRounds "9"]
[EventCountry "SWE"]
[EventCategory "5"]
[SourceTitle "EXT 2001"]
[Source "ChessBase"]
[SourceDate "2000.11.22"]
[SourceVersion "1"]
[SourceVersionDate "2000.11.22"]
[SourceQuality "1"]

1. e4 e5 2. Nf3 d6 3. d4 Nf6 4. dxe5 Nxe4 5. Qd5 Nc5 6. Bg5 Qd7 7. exd6 Bxd6 8.
Nc3 O-O 9. O-O-O Nc6 10. Nb5 Qg4 11. Nxd6 cxd6 12. Be3 Be6 13. Qxd6 Ne4 14. Qa3
Rac8 15. h3 Qg6 16. Bd3 f5 17. Bxe4 fxe4 18. Ng5 Bc4 19. b3 h6 20. bxc4 hxg5
21. Qd6 Qxd6 22. Rxd6 Ne5 23. Bd4 Nxc4 24. Rd7 Rf7 25. Rxf7 Kxf7 26. Re1 Re8
27. c3 a6 28. Kd1 Nd6 29. Ke2 g6 30. a4 Ke6 31. Rb1 b5 32. axb5 Nxb5 33. Ke3
Kd5 34. Ra1 Re6 35. Ra4 Rc6 36. Ra5 Re6 37. Ra4 Rc6 38. Ra5 Re6 1/2-1/2

[Event "Manhem Chessweek IM"]
[Site "Gothenburg"]
[Date "1994.??.??"]
[Round "7"]
[White "Lejlic, Samir"]
[Black "Moberg, Karl Johan"]
[Result "0-1"]
[WhiteElo "2420"]
[BlackElo "2335"]
[PlyCount "76"]
[EventDate "1994.08.06"]
[EventType "tourn"]
[EventRounds "9"]
[EventCountry "SWE"]
[EventCategory "5"]
[SourceTitle "EXT 2001"]
[Source "ChessBase"]
[SourceDate "2000.11.22"]
[SourceVersion "1"]
[SourceVersionDate "2000.11.22"]
[SourceQuality "1"]

1. e4 e5 2. Nf3 Nc6 3. Nc3 Nf6 4. Bb5 Nd4 5. Ba4 Bc5 6. Nxe5 O-O 7. Nd3 Bb6 8.
e5 Ne8 9. Nd5 d6 10. Ne3 Qe7 11. exd6 Nxd6 12. O-O Qe4 13. Ne1 Ne2+ 14. Qxe2
Qxa4 15. b3 Qd4 16. c3 Qe4 17. d4 c6 18. Qd3 Re8 19. Ba3 Qxd3 20. Nxd3 Ne4 21.
Bb2 a5 22. Rfe1 Bc7 23. f3 Nf6 24. g4 h6 25. Nf5 Bxf5 26. gxf5 Nd5 27. Nc5 Ne3
28. Nxb7 Nc2 29. Rxe8+ Rxe8 30. Rf1 Re2 31. Rf2 Re1+ 32. Kg2 Ne3+ 33. Kh3 Nd5
34. Ba3 Nf4+ 35. Kh4 Rg1 36. Bd6 Bxd6 37. Nxd6 g5+ 38. fxg6 fxg6 0-1

[Event "Manhem Chessweek IM"]
[Site "Gothenburg"]
[Date "1994.??.??"]
[Round "7"]
[White "Ziegler, Ari"]
[Black "Winsnes, Rikard"]
[Result "1-0"]
[WhiteElo "2315"]
[BlackElo "2405"]
[PlyCount "67"]
[EventDate "1994.08.06"]
[EventType "tourn"]
[EventRounds "9"]
[EventCountry "SWE"]
[EventCategory "5"]
[SourceTitle "EXT 2001"]
[Source "ChessBase"]
[SourceDate "2000.11.22"]
[SourceVersion "1"]
[SourceVersionDate "2000.11.22"]
[SourceQuality "1"]

1. d4 Nf6 2. c4 g6 3. Nc3 Bg7 4. e4 O-O 5. Nf3 d6 6. Be2 e5 7. O-O Na6 8. Be3
Ng4 9. Bg5 f6 10. Bh4 Nh6 11. d5 Qe8 12. Nd2 f5 13. a3 Bf6 14. Bxf6 Rxf6 15. b4
f4 16. h3 Kh8 17. Nf3 Nf7 18. Rc1 Bd7 19. Qb3 h5 20. Nh2 Qe7 21. Rfd1 Ng5 22.
h4 Nh7 23. c5 dxc5 24. Bxa6 bxa6 25. bxc5 Qxc5 26. d6 Rxd6 27. Nd5 Qa5 28. Qb2
Re8 29. Nf3 Kg8 30. Nxe5 Qb5 31. Qc3 Qe2 32. Re1 Qa2 33. Nxd7 Rxd7 34. Rc2 1-0

[Event "Manhem Chessweek IM"]
[Site "Gothenburg"]
[Date "1994.??.??"]
[Round "7"]
[White "Elsness, Frode"]
[Black "Pedzich, Dominik"]
[Result "0-1"]
[WhiteElo "2280"]
[BlackElo "2400"]
[PlyCount "82"]
[EventDate "1994.08.06"]
[EventType "tourn"]
[EventRounds "9"]
[EventCountry "SWE"]
[EventCategory "5"]
[SourceTitle "EXT 2001"]
[Source "ChessBase"]
[SourceDate "2000.11.22"]
[SourceVersion "1"]
[SourceVersionDate "2000.11.22"]
[SourceQuality "1"]

1. e4 c5 2. Nf3 e6 3. d4 cxd4 4. Nxd4 Nf6 5. Nc3 d6 6. g4 Nc6 7. g5 Nd7 8. h4
Be7 9. Be3 O-O 10. Bc4 Nde5 11. Bb3 a5 12. Qe2 Nxd4 13. Bxd4 b5 14. Rd1 Bd7 15.
Bxe5 dxe5 16. Nxb5 a4 17. Bc4 Qa5+ 18. c3 Bc6 19. Rh3 Rab8 20. Na3 Bxa3 21.
bxa3 Qc5 22. Kf1 Kh8 23. Re3 Rbe8 24. Rb1 f5 25. gxf6 Rxf6 26. Bb5 Rb8 27. c4
h6 28. Rf3 Rxf3 29. Qxf3 Rf8 30. Qg3 Bxe4 31. Rd1 Rf3 32. Qg2 Qxa3 33. Kg1 Rf4
34. Qg3 Qxa2 35. c5 Bf5 36. f3 Qb3 37. Rd8+ Kh7 38. Bd3 Bxd3 39. Rd7 Qd1+ 40.
Kh2 Qe2+ 41. Kh3 Bf5+ 0-1

[Event "Manhem Chessweek IM"]
[Site "Gothenburg"]
[Date "1994.??.??"]
[Round "7"]
[White "Schneider, Lars Ake"]
[Black "Berg, Klaus"]
[Result "1/2-1/2"]
[WhiteElo "2440"]
[BlackElo "2440"]
[PlyCount "41"]
[EventDate "1994.08.06"]
[EventType "tourn"]
[EventRounds "9"]
[EventCountry "SWE"]
[EventCategory "5"]
[SourceTitle "EXT 2001"]
[Source "ChessBase"]
[SourceDate "2000.11.22"]
[SourceVersion "1"]
[SourceVersionDate "2000.11.22"]
[SourceQuality "1"]

1. c4 g6 2. Nc3 Bg7 3. g3 d6 4. Bg2 e5 5. d3 f5 6. e4 Nc6 7. Nge2 Nf6 8. O-O
O-O 9. Nd5 Be6 10. Bg5 Qd7 11. Qd2 Nh5 12. exf5 Bxf5 13. Rad1 Rf7 14. f3 Bh3
15. Bxh3 Qxh3 16. g4 h6 17. Be3 Nf6 18. Ndf4 exf4 19. Nxf4 Qh4 20. Nxg6 Qh3 21.
Nf4 1/2-1/2

[Event "Manhem Chessweek IM"]
[Site "Gothenburg"]
[Date "1994.??.??"]
[Round "8"]
[White "Boe Olsen, Mads"]
[Black "Ziegler, Ari"]
[Result "1-0"]
[WhiteElo "2300"]
[BlackElo "2315"]
[PlyCount "81"]
[EventDate "1994.08.06"]
[EventType "tourn"]
[EventRounds "9"]
[EventCountry "SWE"]
[EventCategory "5"]
[SourceTitle "EXT 2001"]
[Source "ChessBase"]
[SourceDate "2000.11.22"]
[SourceVersion "1"]
[SourceVersionDate "2000.11.22"]
[SourceQuality "1"]

1. e4 c5 2. c3 g6 3. d4 cxd4 4. cxd4 d5 5. e5 Nc6 6. Nc3 Nh6 7. Bf4 Bg7 8. Qd2
Nf5 9. Nf3 h5 10. Be2 O-O 11. h3 h4 12. O-O Be6 13. Rfe1 Rc8 14. Bf1 Re8 15.
Na4 Qa5 16. Qxa5 Nxa5 17. Nc5 Nc6 18. Nxe6 fxe6 19. Red1 Rf8 20. Bg5 a6 21.
Rac1 Kh7 22. Rc3 Bh6 23. Bxh4 Na7 24. Bg5 Rxc3 25. bxc3 Rc8 26. Rb1 b5 27. Rb3
Nc6 28. g4 Ng7 29. Ra3 b4 30. cxb4 Nxb4 31. Bxe7 a5 32. Bc5 Bf4 33. Rxa5 Nc6
34. Rb5 Ra8 35. a3 Bc1 36. Rb6 Nd8 37. Rb1 Bf4 38. Bd3 Nf7 39. Kg2 Rc8 40. Rb5
Ne8 41. Nh4 1-0

[Event "Manhem Chessweek IM"]
[Site "Gothenburg"]
[Date "1994.??.??"]
[Round "8"]
[White "Lejlic, Samir"]
[Black "Schneider, Lars Ake"]
[Result "1-0"]
[WhiteElo "2420"]
[BlackElo "2440"]
[PlyCount "89"]
[EventDate "1994.08.06"]
[EventType "tourn"]
[EventRounds "9"]
[EventCountry "SWE"]
[EventCategory "5"]
[SourceTitle "EXT 2001"]
[Source "ChessBase"]
[SourceDate "2000.11.22"]
[SourceVersion "1"]
[SourceVersionDate "2000.11.22"]
[SourceQuality "1"]

1. e4 c5 2. Nf3 Nc6 3. Bb5 e6 4. O-O Nge7 5. b3 a6 6. Bxc6 Nxc6 7. Bb2 b5 8. a4
b4 9. d4 cxd4 10. Nxd4 Bb7 11. Nd2 Nxd4 12. Bxd4 d5 13. e5 Be7 14. f4 O-O 15.
Nf3 Rc8 16. Qd2 Qd7 17. Rae1 Rc7 18. Rf2 Rfc8 19. Qd1 Rc6 20. Re3 Qc7 21. Ne1
Bh4 22. g3 Be7 23. Rg2 a5 24. g4 Bc5 25. Nf3 Ba6 26. Bxc5 Rxc5 27. Nd4 Rc3 28.
Qd2 Rxe3 29. Qxe3 Qb6 30. Rg3 Rc3 31. Qf2 Qc7 32. Qd2 g5 33. Rxc3 bxc3 34. Qe3
gxf4 35. Qxf4 Qe7 36. Kg2 Qh4 37. Nf3 Qe7 38. Kg3 Kg7 39. g5 Qa3 40. Qf6+ Kg8
41. Qd8+ Kg7 42. Qf6+ Kg8 43. h4 Be2 44. h5 Bxf3 45. h6 1-0

[Event "Manhem Chessweek IM"]
[Site "Gothenburg"]
[Date "1994.??.??"]
[Round "8"]
[White "Moberg, Karl Johan"]
[Black "Pedzich, Dominik"]
[Result "1-0"]
[WhiteElo "2335"]
[BlackElo "2400"]
[PlyCount "51"]
[EventDate "1994.08.06"]
[EventType "tourn"]
[EventRounds "9"]
[EventCountry "SWE"]
[EventCategory "5"]
[SourceTitle "EXT 2001"]
[Source "ChessBase"]
[SourceDate "2000.11.22"]
[SourceVersion "1"]
[SourceVersionDate "2000.11.22"]
[SourceQuality "1"]

1. e4 e5 2. Nf3 Nc6 3. Nc3 g6 4. d4 exd4 5. Nxd4 Bg7 6. Be3 Nge7 7. Qd2 d6 8.
O-O-O a6 9. Be2 Bd7 10. Nxc6 Nxc6 11. Bh6 Kf8 12. h4 Be6 13. g4 Qd7 14. Rdg1
Rg8 15. h5 Re8 16. hxg6 hxg6 17. Bxg7+ Rxg7 18. Rh8+ Ke7 19. Qh6 Reg8 20. Nd5+
Bxd5 21. exd5 Nd8 22. Rxg8 Rxg8 23. Re1 Ne6 24. dxe6 Qxe6 25. Qe3 Qxe3+ 26.
fxe3 1-0

[Event "Manhem Chessweek IM"]
[Site "Gothenburg"]
[Date "1994.??.??"]
[Round "8"]
[White "Svensson, Bengt"]
[Black "Berg, Klaus"]
[Result "1/2-1/2"]
[WhiteElo "2380"]
[BlackElo "2440"]
[PlyCount "104"]
[EventDate "1994.08.06"]
[EventType "tourn"]
[EventRounds "9"]
[EventCountry "SWE"]
[EventCategory "5"]
[SourceTitle "EXT 2001"]
[Source "ChessBase"]
[SourceDate "2000.11.22"]
[SourceVersion "1"]
[SourceVersionDate "2000.11.22"]
[SourceQuality "1"]

1. e4 c5 2. d3 Nc6 3. g3 g6 4. Bg2 Bg7 5. f4 d6 6. Nf3 e6 7. O-O Nge7 8. c3 O-O
9. Be3 b6 10. a4 Bb7 11. Na3 Qd7 12. Qc2 d5 13. e5 d4 14. Bf2 dxc3 15. bxc3
Rad8 16. Rfd1 Na5 17. Nc4 Nxc4 18. dxc4 Qc7 19. a5 Rxd1+ 20. Qxd1 Rd8 21. Qb3
Nc6 22. axb6 axb6 23. Rb1 Na5 24. Qxb6 Qxb6 25. Rxb6 Bf8 26. Rb5 Bxf3 27. Bxf3
Nxc4 28. Be2 Na3 29. Ra5 Nb1 30. Be1 Nd2 31. Kf2 Nb3 32. Ra6 Nc1 33. Bc4 Nd3+
34. Bxd3 Rxd3 35. Ra8 g5 36. Ke2 Rd7 37. Rc8 Kg7 38. Bf2 gxf4 39. gxf4 Ra7 40.
Bh4 f5 41. exf6+ Kf7 42. Kd3 Ra4 43. Rc7+ Kg6 44. Bg3 h6 45. f7 Kg7 46. c4 Kg6
47. Ke4 Rxc4+ 48. Ke5 Rc2 49. Kxe6 Re2+ 50. Kd5 Rd2+ 51. Kc4 Rd4+ 52. Kb5 Rd5
1/2-1/2

[Event "Manhem Chessweek IM"]
[Site "Gothenburg"]
[Date "1994.??.??"]
[Round "8"]
[White "Winsnes, Rikard"]
[Black "Elsness, Frode"]
[Result "1-0"]
[WhiteElo "2405"]
[BlackElo "2280"]
[PlyCount "79"]
[EventDate "1994.08.06"]
[EventType "tourn"]
[EventRounds "9"]
[EventCountry "SWE"]
[EventCategory "5"]
[SourceTitle "EXT 2001"]
[Source "ChessBase"]
[SourceDate "2000.11.22"]
[SourceVersion "1"]
[SourceVersionDate "2000.11.22"]
[SourceQuality "1"]

1. e4 g6 2. d4 Bg7 3. Nc3 d6 4. Be3 a6 5. h4 h5 6. Qd2 b5 7. f3 Bb7 8. Nh3 Nd7
9. O-O-O Ngf6 10. Kb1 c5 11. dxc5 dxc5 12. Nf4 O-O 13. Nfd5 b4 14. Nxf6+ Nxf6
15. Na4 Qc7 16. Nxc5 Rfd8 17. Bd3 a5 18. Nxb7 Qxb7 19. Bh6 Bh8 20. g4 a4 21.
gxh5 Nxh5 22. Qg2 Qc7 23. Qh2 Be5 24. Qd2 Rdb8 25. Rhg1 b3 26. cxb3 axb3 27. a3
Rxa3 28. bxa3 Qa7 29. Rg5 Bf6 30. Bc4 Bxg5 31. Bxg5 Qxa3 32. Qb2 Qb4 33. Rc1
Qd6 34. e5 Qb6 35. Bxe7 Ng3 36. e6 fxe6 37. Qf6 Nf5 38. Qxg6+ Ng7 39. Rg1 Qd4
40. Bxe6+ 1-0

[Event "Manhem Chessweek IM"]
[Site "Gothenburg"]
[Date "1994.??.??"]
[Round "9"]
[White "Svensson, Bengt"]
[Black "Lejlic, Samir"]
[Result "1-0"]
[WhiteElo "2380"]
[BlackElo "2420"]
[PlyCount "128"]
[EventDate "1994.08.06"]
[EventType "tourn"]
[EventRounds "9"]
[EventCountry "SWE"]
[EventCategory "5"]
[SourceTitle "EXT 2001"]
[Source "ChessBase"]
[SourceDate "2000.11.22"]
[SourceVersion "1"]
[SourceVersionDate "2000.11.22"]
[SourceQuality "1"]

1. e4 e5 2. Nf3 Nc6 3. Bb5 a6 4. Ba4 Nf6 5. O-O b5 6. Bb3 Bb7 7. Re1 Bc5 8. c3
d6 9. d4 Bb6 10. Bg5 h6 11. Bh4 g5 12. Bg3 O-O 13. h4 g4 14. Nh2 h5 15. Qc1 Kh7
16. Qg5 Rg8 17. Qf5+ Kh8 18. Bxf7 Bc8 19. Be6 Bxe6 20. Qxe6 exd4 21. Nd2 dxc3
22. bxc3 Qf8 23. Nhf1 Re8 24. Qb3 Ne5 25. Qc2 Qf7 26. Ne3 Rgf8 27. Re2 Qh7 28.
Rae1 Ned7 29. Nef1 Nc5 30. Kh2 d5 31. f3 gxf3 32. gxf3 dxe4 33. fxe4 Ng4+ 34.
Kg2 Ne6 35. Nf3 Qf7 36. Ne5 Qf6 37. Nxg4 Qf3+ 38. Kh2 hxg4 39. e5 Ng7 40. Qg6
Qf5 41. Qxf5 Nxf5 42. e6 Kh7 43. Kg2 Rf6 44. Nh2 Bc5 45. h5 Nxg3 46. Kxg3 Bd6+
47. Kg2 b4 48. cxb4 Bxb4 49. Rc1 Bd6 50. Nxg4 Rfxe6 51. Rxe6 Rxe6 52. Kf3 Re7
53. Rc4 Rf7+ 54. Ke3 Rf1 55. Ra4 Re1+ 56. Kf3 Rg1 57. Nf6+ Kh6 58. Ne4 Rf1+ 59.
Ke2 Rf4 60. Ke3 Kxh5 61. Ra5+ Kg6 62. Nxd6 Rf6 63. Ne4 Rb6 64. Nc5 Kf7 1-0

[Event "Manhem Chessweek IM"]
[Site "Gothenburg"]
[Date "1994.??.??"]
[Round "9"]
[White "Ziegler, Ari"]
[Black "Berg, Klaus"]
[Result "1/2-1/2"]
[WhiteElo "2315"]
[BlackElo "2440"]
[PlyCount "115"]
[EventDate "1994.08.06"]
[EventType "tourn"]
[EventRounds "9"]
[EventCountry "SWE"]
[EventCategory "5"]
[SourceTitle "EXT 2001"]
[Source "ChessBase"]
[SourceDate "2000.11.22"]
[SourceVersion "1"]
[SourceVersionDate "2000.11.22"]
[SourceQuality "1"]

1. d4 g6 2. c4 Bg7 3. Nc3 d6 4. e4 e5 5. Nf3 Nc6 6. Bg5 f6 7. Be3 Bg4 8. d5
Nce7 9. c5 Bh6 10. cxd6 cxd6 11. Qd2 Bxe3 12. Qxe3 Bxf3 13. Qxf3 Kf7 14. g3 Nh6
15. Bh3 Kg7 16. Be6 Rf8 17. g4 Nf7 18. h4 Qb6 19. Qh3 Qxb2 20. Rb1 Qa3 21. Rxb7
Ng8 22. g5 Rab8 23. Rxb8 Rxb8 24. Bxf7 Kxf7 25. h5 Kf8 26. hxg6 hxg6 27. gxf6
Qc1+ 28. Nd1 Rb1 29. Qf3 Qf4 30. Qxf4 exf4 31. Kd2 Nxf6 32. Kc2 Rb4 33. f3 Nd7
34. Rh4 Ne5 35. Rxf4+ Kg7 36. Ne3 Ra4 37. Kb3 Rd4 38. Ng4 Rd3+ 39. Ka4 Rxf3 40.
Rxf3 Nxf3 41. Kb5 Ng5 42. e5 dxe5 43. a4 e4 44. Ka6 Nf7 45. Kxa7 Nh6 46. Nh2 g5
47. Nf1 Nf5 48. Kb7 e3 49. Nxe3 Nxe3 50. d6 Nc4 51. d7 Nd6+ 52. Kc6 Nf7 53. Kd5
g4 54. Ke4 Kf6 55. a5 Ke7 56. a6 Nd6+ 57. Kf4 Nb5 58. Kxg4 1/2-1/2